| 000 | 00799nam a22002177a 4500 | ||
|---|---|---|---|
| 999 |
_c6221 _d6221 |
||
| 003 | AR-CdUCM | ||
| 008 | 190314b ||||| |||| 00| 0 spa d | ||
| 040 |
_aMUNICIPALIDAD PROVINCIAL DEL CUSCO _cBIBLIOTECA MUNICIPAL DEL CUSCO |
||
| 082 |
_a869.33 / _bL64 |
||
| 100 |
_aLihn, Enrique _917930 |
||
| 245 |
_aLa pieza oscura : _b1955 - 1962 / |
||
| 260 |
_aChile : _bEditorial Universitaria, _c1963. |
||
| 300 |
_a65 páginas ; _c23 cm. |
||
| 500 | _aDonación familia Nieto | ||
| 505 | _aContenido: La pieza oscura -- Monologo del padre con su hijo de meses -- Monologo del viejo con la muerte -- Elegía a Gabriela Mistral -- Invernadero -- Navidad... | ||
| 650 |
_aPoesía chilena _95520 |
||
| 650 |
_aMonologo _917931 |
||
| 650 |
_aVersos de amor _917932 |
||
| 942 |
_2ddc _cLIBROS |
||
| 945 | _adavv | ||